000 00783cab a2200241 4500
001 WB3509-54
008 090401t1999 xxu||||| |||| 00| 0 eng d
035 _a(Sirsi) u91778
041 _aeng
245 _aWater companies must improve environment
260 _c1999
350 _a0
490 _aDETR News Release
_v(179) 1 March 1999, (3)
520 _aEnvironment Minister tells water companies that improvement programmes, costing about £8bn must be included in their business plans for the years 2000 to 2005 and water bills should be significantly reduced.
650 _aBUSINESS PLANS
650 _aEnvironment
_96238
650 _aWATER COMPANIES
650 _aWATER QUALITY
650 _aWATER RATES
690 _aWATER
942 _n0
948 _c04/03/1999
999 _c58245
_d58245